000 00565nam a2200229Ia 4500
003 OSt
005 20220923225806.0
006 a|||||r|||| 00| 0
007 ta
008 Pun
024 _a274,732
037 _cTextual
040 _aARTS
_cARTS
_bPun
041 _2Pun
_aPun
082 _aO168,1H80x, 153K8
100 _aਪਦਮ
_9159533
245 0 _aਸਾਈ ਬੁੱਲ੍ਹੇ Fਾਹ
260 _c1968
650 _aਉਰਦੂ ਸਾਹਿਤ
942 _hO168,1H80x, 153K8
_cTEXL
_2CC
999 _c380455
_d380455